LEADER 01037cam0-2200337---450- 001 990005689590403321 005 20150507154314.0 035 $a000568959 035 $aFED01000568959 035 $a(Aleph)000568959FED01 035 $a000568959 100 $a19990604d1921----km-y0itay50------ba 101 0 $aita 102 $aIT 105 $a--------001yy 200 1 $aStudi su vecchie e nuove poesie e prose d'amore e di romanzi$fGiulio Bertoni 210 $aModena$cUmberto Orlandini$d1921 215 $aVIII, 382 p.$d17 cm 610 0 $aAmore nella letteratura$aOrigini-1400 676 $a809.02$v23$zita 700 1$aBertoni,$bGiulio$f<1878-1942>$0158355 801 0$aIT$bUNINA$gRICA$2UNIMARC 901 $aBK 912 $a990005689590403321 952 $aBIB. BAT.3908$b695$fBAT 952 $a809.02 BER 1$bIst.glott. s.i.$fFLFBC 952 $a809.02 BER 1BIS$bIst.f.m.12479$fFLFBC 959 $aFLFBC 959 $aBAT 996 $aStudi su vecchie e nuove poesie e prose d'amore e di romanzi$9157930 997 $aUNINA LEADER 00948nam0 22002531i 450 001 UON00065436 005 20231205102328.125 100 $a20020107d1978 |0itac50 ba 101 $arus 102 $aRU 105 $a|||| 1|||| 200 1 $aAlzir$eproblemy razvitija$e(Opyt nacional'no-demokraticeskoj revoljucii)$fJurii Vasil'evic Potemkin 210 $aMoskva$cAkademija nauk$d1978 215 $a212 p.$d22 cm 620 $aRU$dMoskva$3UONL003152 686 $aALG IV$cALGERIA - STORIA$2A 700 1$aPOTEMKIN$bJurij Vasil'evic$3UONV042014$0657130 712 $aAkademija Nauk SSSR$3UONV247334$4650 801 $aIT$bSOL$c20241213$gRICA 899 $aSIBA - SISTEMA BIBLIOTECARIO DI ATENEO$2UONSI 912 $aUON00065436 950 $aSIBA - SISTEMA BIBLIOTECARIO DI ATENEO$dSI ALG IV 051 $eSI SA 54983 5 051 996 $aAlzir$91170204 997 $aUNIOR